Central Library OPAC University of Rajshahi

Social psychology / (Record no. 82085)

MARC details
000 -LEADER
fixed length control field 00918nam a2200289 a 4500
001 - CONTROL NUMBER
control field 82085
003 - CONTROL NUMBER IDENTIFIER
rucl marc code BD-RjUL
005 - DATE AND TIME OF LATEST TRANSACTION
control field 20231011111136.0
008 - FIXED-LENGTH DATA ELEMENTS--GENERAL INFORMATION
fixed length control field 231011s2020 ii ||||| |||| 00| 0 eng d
020 ## - INTERNATIONAL STANDARD BOOK NUMBER
International Standard Book Number 9789353943455
International Standard Book Number 9353943450
035 ## - SYSTEM CONTROL NUMBER
System control number (BD-RjUL)82085
040 ## - CATALOGING SOURCE
Original cataloging agency BD-RjUL
Language of cataloging eng
Transcribing agency BD-RjUL
041 ## - LANGUAGE CODE
Language code of text/sound track or separate title eng
082 ## - DEWEY DECIMAL CLASSIFICATION NUMBER
Edition number 23
Classification number 302
Author mark and year ARS 2020
100 ## - MAIN ENTRY--PERSONAL NAME
Personal name Aronson, Elliot
9 (RLIN) 9465
245 ## - TITLE STATEMENT
Title Social psychology /
Statement of responsibility, etc. Elliot Aronson,Timothy D. Wilson, Robin M. Akert, Samuel R. Sommers , Veena Tucker.
260 ## - PUBLICATION, DISTRIBUTION, ETC. (IMPRINT)
Place of publication, distribution, etc. Uttar pradesh :
Name of publisher, distributor, etc. Pearson India Education Services Pvt. Ltd.,
Date of publication, distribution, etc. 2019
300 ## - PHYSICAL DESCRIPTION
Pagination xxvi, 668 pages :
Illustrations illustrations ;
Size 26 cm.
500 ## - GENERAL NOTE
General note Includes index.
650 ## - SUBJECT ADDED ENTRY--TOPICAL TERM
Topical term or geographic name as entry element Social psychology
9 (RLIN) 1101
700 ## - ADDED ENTRY--PERSONAL NAME
Personal name Wilson, Timothy D.
Personal name Akert, Robin M.
Personal name Sommers, Samuel R.
Personal name Tucker, Veena
942 ## - ADDED ENTRY ELEMENTS (KOHA)
Source of classification or shelving scheme Dewey Decimal Classification
Koha item type Books
Holdings
Lost status Source of classification or shelving scheme Damaged status Not for loan Collection code Permanent Location Current Location Shelving location Date acquired Source of acquisition Cost, normal purchase price Total Checkouts Full call number Date last seen Copy number Koha item type
  Dewey Decimal Classification   Not For Loan Non-fiction Central Library, University of Rajshahi Central Library, University of Rajshahi Reading Room 05/06/2023 Dhaka : Page mark 837.50   302 ARS 2020 11/10/2023 C-1 Books
  Dewey Decimal Classification     Non-fiction Central Library, University of Rajshahi Central Library, University of Rajshahi General Stacks 05/06/2023 Dhaka : Page mark 837.50   302 ARS 2020 11/10/2023 C-2 Books